000 00888cam a22002651 4500
999 _c6202
_d6202
001 6202
003 BD-JhCC
005 20180125133657.0
008 700706s1967 ru a 000 0 eng
035 _a(BD-JhCC)6202
040 _aDLC
_cDLC
_dDLC
_dBD-JhCC
041 1 _aeng
050 0 0 _aTS850
_b.G613
082 0 0 _a674/.43
_bGOL 1967
100 1 _aGolovach, A
240 1 0 _aElektrosilovoe oborudovanie derevoobrabaty-vai︠u︡shchikh predprii︠a︡tiĭ.
245 1 0 _aElectric drive in woodworking /
_c[by] A. Golovach. Translated from the Russian by I. Savin.
260 _aMoscow :
_bMIR Publishers,
_c1967.
300 _a323 p.
_billus.
_c23 cm.
500 _aTranslation of Elektrosilovoe oborudovanie derevoobrabatyvai︠u︡shchikh predprii︠a︡tiĭ.
650 0 _aWoodworking machinery
_xElectric driving.
700 _aSavin, I.
942 _2ddc
_cBK